000
00219nam a22000857a 4500
008
170201b xxu||||| |||| 00| 0 eng d
100
_9
2734
_a
Sebastian.T.O.
245
_a
General Knowledge-5
260
_a
New Delhi
_b
Oxford
_c
2009
999
_c
5905
_d
5905